Diccionari de materials: Ciència i tecnologia (Registre núm. 68497)
[ vista simple ]
| 000 -LEADER | |
|---|---|
| campo de control de longitud fija | 00997amm a2200289 4500 |
| 008 - DATOS DE LONGITUD FIJA--INFORMACIÓN GENERAL | |
| campo de control de longitud fija | 200218s2020 o | cat d |
| 041 ## - CÓDIGO DE IDIOMA | |
| Código de lengua del texto/banda sonora o título independiente | cat |
| 041 ## - CÓDIGO DE IDIOMA | |
| Llengües tractades | eng |
| 041 ## - CÓDIGO DE IDIOMA | |
| Llengües tractades | spa |
| 080 ## - NÚMERO DE LA CLASIFICACIÓN DECIMAL UNIVERSAL | |
| Número de la Clasificación Decimal Universal | 548-03(038) |
| 100 ## - ENTRADA PRINCIPAL--NOMBRE DE PERSONA | |
| Nombre de persona | Molera i Solà, Pere |
| 9 (RLIN) | 73466 |
| 245 ## - MENCIÓN DEL TÍTULO | |
| Título | Diccionari de materials: Ciència i tecnologia |
| Medio | [en línia] |
| Mención de responsabilidad, etc. | Pere Molera; Núria Llorca; Antoni Roca; Montserrat Cruells; Joan Viñals |
| 260 ## - PUBLICACIÓN, DISTRIBUCIÓN, ETC. | |
| Lugar de publicación, distribución, etc. | Barcelona |
| Nombre del editor, distribuidor, etc. | Universitat de Barcelona. Serveis Lingüístics |
| Fecha de publicación, distribución, etc. | 2020 |
| 500 ## - NOTA GENERAL | |
| Nota general | Categoria gramatical, arbre de camp, remissions, sinònims |
| 520 ## - RESUMEN, ETC. | |
| Nombre de termes | 942 |
| 546 ## - NOTA DE IDIOMA | |
| Llengua de les definicions | català |
| 592 ## - Tipus obra | |
| Tipus d'obra | Obra terminològica |
| 593 ## - Codi CGAT | |
| Codi de la CGAT | BOP |
| 650 ## - PUNTO DE ACCESO ADICIONAL DE MATERIA--TÉRMINO DE MATERIA | |
| Término de materia o nombre geográfico como elemento de entrada | ciència dels materials |
| 9 (RLIN) | 71653 |
| 700 ## - ENTRADA AGREGADA--NOMBRE PERSONAL | |
| Nombre de persona | Cruells i Cadevall, Montserrat |
| 9 (RLIN) | 73469 |
| 700 ## - ENTRADA AGREGADA--NOMBRE PERSONAL | |
| Nombre de persona | Llorca i Isern, Núria |
| 9 (RLIN) | 73467 |
| 700 ## - ENTRADA AGREGADA--NOMBRE PERSONAL | |
| Nombre de persona | Roca i Vallmajor, Antoni |
| 9 (RLIN) | 73468 |
| 700 ## - ENTRADA AGREGADA--NOMBRE PERSONAL | |
| Nombre de persona | Viñals i Olià, Joan |
| 9 (RLIN) | 73470 |
| 856 ## - LOCALIZACIÓN Y ACCESO ELECTRÓNICOS | |
| Identificador Uniforme de Recursos | <a href="https://www.ub.edu/ubterm/obra/materials-2/">https://www.ub.edu/ubterm/obra/materials-2/</a> |
| 901 ## - ELEMENTOS DE DATOS A LOCAL LDA (RLIN) | |
| c | <2020> |
| 942 ## - ELEMENTOS DE ENTRADA SECUNDARIOS (KOHA) | |
| Tipo de ítem Koha | Monografia |
| Suprimir en OPAC | No |
| Fuente del sistema de clasificación o colocación | Clasificación Decimal Dewey |
| Estatus retirado | Estado de pérdida | Estado de daño | No para préstamo | Biblioteca de origen | Biblioteca actual | Fecha de adquisición | Total de préstamos | Código de barras | Visto por última vez | Identificador Uniforme de Recursos | Precio de reemplazo | Tipo de ítem Koha |
|---|---|---|---|---|---|---|---|---|---|---|---|---|
| TERMCAT | TERMCAT | 18/02/2020 | P_68593 | 24/01/2023 | https://www.ub.edu/ubterm/obra/materials-2/ | 24/01/2023 | MO |